<?xml version='1.0' encoding='UTF-8'?>
  <record xmlns="http://www.loc.gov/MARC21/slim">
    <leader>00000cam a2200000 i 4500</leader>
    <controlfield tag="001">ocm64784208</controlfield>
    <controlfield tag="003">OCoLC</controlfield>
    <controlfield tag="005">20250402195707.9</controlfield>
    <controlfield tag="008">890314m17621765ne            000 0 dut d</controlfield>
    <datafield tag="040" ind1=" " ind2=" ">
      <subfield code="a">NLGGC</subfield>
      <subfield code="b">dut</subfield>
      <subfield code="e">fobidrtb</subfield>
      <subfield code="c">NLGGC</subfield>
      <subfield code="d">WURST</subfield>
      <subfield code="d">OCLCA</subfield>
      <subfield code="d">OCLCO</subfield>
      <subfield code="d">OCLCA</subfield>
      <subfield code="d">OCLCL</subfield>
      <subfield code="d">OCLCQ</subfield>
    </datafield>
    <datafield tag="029" ind1="0" ind2=" ">
      <subfield code="a">NLGGC</subfield>
      <subfield code="b">051963523</subfield>
    </datafield>
    <datafield tag="035" ind1=" " ind2=" ">
      <subfield code="a">(OCoLC)64784208</subfield>
    </datafield>
    <datafield tag="041" ind1="1" ind2=" ">
      <subfield code="a">dut</subfield>
      <subfield code="h">fre</subfield>
    </datafield>
    <datafield tag="084" ind1=" " ind2=" ">
      <subfield code="a">48.00</subfield>
      <subfield code="2">bcl</subfield>
    </datafield>
    <datafield tag="245" ind1="0" ind2="3">
      <subfield code="a">De nieuwe wyze van landbouwen, :</subfield>
      <subfield code="b">voorgeschreeven door ... Tull en Duhamel de Monceau ... : of onderrichting hoe men door eene byzondere bereidinge der gronden, en eene nieuwe maniere van zaaijen, zeer groote oogsten van de graanen, peulvrugten en aardgewassen kan bekomen; /</subfield>
      <subfield code="c">uitgegeeven door een Genootschap van liefhebberen van den landbouw in de Vereenigde Nederlanden ... ; [bewerkt door Cornelius van Engelen].</subfield>
    </datafield>
    <datafield tag="246" ind1="3" ind2=" ">
      <subfield code="a">Verhandeling over den landbouw ..</subfield>
    </datafield>
    <datafield tag="246" ind1="3" ind2=" ">
      <subfield code="a">Waarneemingen omtrent den nieuwen landbouw ..</subfield>
    </datafield>
    <datafield tag="246" ind1="3" ind2=" ">
      <subfield code="a">Verhandeling over de botten of platte lever-wormen der schaapen en runderen, als ook over de kwaade droes der paarden</subfield>
    </datafield>
    <datafield tag="260" ind1=" " ind2=" ">
      <subfield code="a">Te Amsteldam :</subfield>
      <subfield code="b">by F. Houttuyn,</subfield>
      <subfield code="c">1762-1765.</subfield>
    </datafield>
    <datafield tag="300" ind1=" " ind2=" ">
      <subfield code="a">4 delen in 4 banden. :</subfield>
      <subfield code="b">illustraties buiten de tekst. ;</subfield>
      <subfield code="c">in-8.</subfield>
    </datafield>
    <datafield tag="336" ind1=" " ind2=" ">
      <subfield code="a">tekst</subfield>
      <subfield code="b">txt</subfield>
      <subfield code="2">rdacontent/dut</subfield>
    </datafield>
    <datafield tag="337" ind1=" " ind2=" ">
      <subfield code="a">zonder medium</subfield>
      <subfield code="b">n</subfield>
      <subfield code="2">rdamedia/dut</subfield>
    </datafield>
    <datafield tag="338" ind1=" " ind2=" ">
      <subfield code="a">band</subfield>
      <subfield code="b">nc</subfield>
      <subfield code="2">rdacarrier/dut</subfield>
    </datafield>
    <datafield tag="505" ind1="8" ind2=" ">
      <subfield code="a">Deel 1 met extra titelblad: Verhandeling over den landbouw ... -- Tweede stuk (met Frans titelblad: Waarneemingen omtrent den nieuwen landbouw ...): opgehelderd door proeven en waarneemingen; ... verhandelingen over ziekten der paarden, runderen en schaapen, / door Petrus Camper; bevat ook met eigen titelblad, maar doorlopende paginering en collatie: Verhandeling over de botten of platte lever-wormen der schaapen en runderen, als ook over de kwaade droes der paarden ... / Petrus Camper. -- Derde stuk: Waarnemingen van de heeren Tillet en Aimen, over de ziekten der graanen, en byzonderlyk der tarwe ... -- Vierde stuk: ... verhandelingen over voornaame onderwerpen, tot den ouden en nieuwen landbouw en tuinkweekery betrekkelyk. Byzonderlyk een nieuwe zaay-ploeg ...</subfield>
    </datafield>
    <datafield tag="650" ind1="1" ind2="7">
      <subfield code="a">Landbouw.</subfield>
      <subfield code="2">gtt</subfield>
      <subfield code="0">(NL-LeOCL)078569478</subfield>
    </datafield>
    <datafield tag="653" ind1="0" ind2="0">
      <subfield code="a">landbouw</subfield>
    </datafield>
    <datafield tag="653" ind1="0" ind2="0">
      <subfield code="a">agriculture</subfield>
    </datafield>
    <datafield tag="653" ind1="0" ind2="0">
      <subfield code="a">diergeneeskunde</subfield>
    </datafield>
    <datafield tag="653" ind1="0" ind2="0">
      <subfield code="a">veterinary science</subfield>
    </datafield>
    <datafield tag="653" ind1="0" ind2="0">
      <subfield code="a">nederland</subfield>
    </datafield>
    <datafield tag="653" ind1="0" ind2="0">
      <subfield code="a">netherlands</subfield>
    </datafield>
    <datafield tag="653" ind1="1" ind2="0">
      <subfield code="a">Agriculture in the Netherlands</subfield>
    </datafield>
    <datafield tag="653" ind1="1" ind2="0">
      <subfield code="a">Landbouw in Nederland</subfield>
    </datafield>
    <datafield tag="655" ind1=" " ind2="7">
      <subfield code="a">Handboeken (vorm)</subfield>
      <subfield code="2">gtt</subfield>
      <subfield code="0">(NL-LeOCL)088143252</subfield>
    </datafield>
    <datafield tag="700" ind1="1" ind2=" ">
      <subfield code="a">Tull, Jethro,</subfield>
      <subfield code="d">1674-1741.</subfield>
      <subfield code="1">https://id.oclc.org/worldcat/entity/E39PBJrmdQmXCryk7mr7Pmj9jC</subfield>
    </datafield>
    <datafield tag="700" ind1="1" ind2=" ">
      <subfield code="a">Duhamel du Monceau, H.L.</subfield>
      <subfield code="q">(Henri Louis),</subfield>
      <subfield code="d">1700-1782.</subfield>
      <subfield code="1">https://id.oclc.org/worldcat/entity/E39PBJcc8D7JP9Mr7m9gV4RtKd</subfield>
    </datafield>
    <datafield tag="700" ind1="1" ind2=" ">
      <subfield code="a">Camper, Petrus</subfield>
      <subfield code="q">(Pieter),</subfield>
      <subfield code="d">1722-1789.</subfield>
      <subfield code="1">https://id.oclc.org/worldcat/entity/E39PBJmhW8hVW3xt87TkTGD8YP</subfield>
    </datafield>
    <datafield tag="700" ind1="1" ind2=" ">
      <subfield code="a">Engelen, Cornelis van,</subfield>
      <subfield code="d">1722/26-1793.</subfield>
      <subfield code="1">https://id.oclc.org/worldcat/entity/E39PBJmMYdBBtfctmvDFjvMgKd</subfield>
    </datafield>
    <datafield tag="710" ind1="2" ind2=" ">
      <subfield code="a">Genootschap van liefhebberen van den landbouw /in de Vereenigde Nederlanden.</subfield>
    </datafield>
    <datafield tag="710" ind1="0" ind2=" ">
      <subfield code="a">Houttuyn, Frans (Amsterdam)</subfield>
      <subfield code="4">prt</subfield>
      <subfield code="0">(NL-LeOCL)077146484</subfield>
    </datafield>
    <datafield tag="936" ind1=" " ind2=" ">
      <subfield code="a">BATCHLOAD</subfield>
    </datafield>
  </record>